000 00648nam a2200229Ia 4500
003 OSt
005 20220926023103.0
006 a|||||r|||| 00| 0
007 ta
008 220923b |||||||| |||| 00| 0 eng d
037 _cGeneral Book
040 _aRTL
_cRTL
_beng
041 _2eng
_aeng
082 _aX:8E:(B), L7
100 _aWilkes F M
_9132584
245 0 _aCapital budgeting techniques
260 _aNew York
_bWiley interscience publication USA
_c1977
300 _axiv, 424p. Appendix p411-16
_ccm.
650 _aBudgetting
_9233954
942 _hX:8E:(B), L7
_cGB
_2CC
999 _c640952
_d640952